[Event "MNT Team Cup"]
[Site "Herceg Novi"]
[Date "2020.06.25"]
[Round "1.3"]
[White "Obadovic, Zeljko"]
[Black "Lazarevic, Zoran1111"]
[Result "0-1"]
[WhiteElo "1801"]
[BlackElo "1827"]
[PlyCount "102"]
[EventDate "2020.06.25"]
[EventType "team-swiss"]
[EventRounds "5"]
[EventCountry "MNE"]
[SourceTitle "EXT 2021"]
[Source "ChessBase"]
[SourceDate "2020.10.23"]
[SourceVersion "1"]
[SourceVersionDate "2020.10.23"]
[SourceQuality "1"]
[WhiteTeam "Gambit"]
[BlackTeam "Rokada"]
[WhiteTeamCountry "MNE"]
[BlackTeamCountry "MNE"]

1. e4 c5 2. Nf3 d6 3. Bb5+ Bd7 4. Bxd7+ Nxd7 5. 0-0 Ngf6 6. Re1 e6 7. d4 cxd4 8. Nxd4 Be7 9. Nc3 0-0 10. a4 a6 11. Kh1 h5 12. h3 g6 13. f4 e5 14. Nf3 Re8 15. f5 Kg7 16. fxg6 fxg6 17. Ng5 Bf8 18. Rf1 Nc5 19. b4 Ne6 20. Ra3 Nxg5 21. Bxg5 Be7 22. Bc1 Qb6 23. Nd5 Nxd5 24. Qxd5 Rf8 25. Raf3 Rxf3 26. Rxf3 Rf8 27. Rxf8 Bxf8 28. Qd2 Kh7 29. c4 Qc6 30. Qf2 Qxc4 31. Bg5 Bg7 32. Qf3 Bh6 33. Bxh6 Kxh6 34. Qf8+ Kg5 35. h4+ Kxh4 36. Qf6+ Kg3 37. Qf3+ Kh4 38. Qf6+ Kg4 39. Qxg6+ Kf4 40. Qf5+ Ke3 41. Qf3+ Kd4 42. Qxh5 Qf1+ 43. Kh2 Kxe4 44. g4 Qf4+ 45. Kh3 Qf1+ 46. Kh4 Qf4 47. Qh7+ Kf3 48. Qf5 e4 49. Qe6 e3 50. Qd5+ Kf2 51. Qxb7 Qh6# 0-1

[Event "MNT-chT 1st League"]
[Site "Podgorica"]
[Date "2018.09.30"]
[Round "6.2"]
[White "Obadovic, Zeljko"]
[Black "Radulovic, Andrija"]
[Result "1/2-1/2"]
[WhiteElo "1772"]
[BlackElo "1798"]
[PlyCount "105"]
[EventDate "2018.09.07"]
[EventType "team-tourn"]
[EventRounds "9"]
[EventCountry "MNE"]
[SourceTitle "CBM 187 Extra"]
[Source "ChessBase"]
[SourceDate "2018.11.04"]
[SourceVersion "1"]
[SourceVersionDate "2018.11.04"]
[SourceQuality "1"]
[WhiteTeam "Gambit"]
[BlackTeam "Prosvjeta"]
[WhiteTeamCountry "MNE"]
[BlackTeamCountry "MNE"]

1. e4 e6 2. d4 d5 3. Nd2 dxe4 4. Nxe4 Nf6 5. Nxf6+ gxf6 6. Be3 Bd7 7. Qd2 Nc6 8. 0-0-0 Nb4 9. a3 Nd5 10. Bh6 Be7 11. Bc4 Bc6 12. Nf3 Rg8 13. Rhg1 Qd7 14. Kb1 0-0-0 15. Bd3 f5 16. Ne5 Qe8 17. f3 Nb6 18. Be3 Bd6 19. Bg5 Bxe5 20. dxe5 Rd5 21. Qe3 Kb8 22. h4 Bb5 23. g4 Bxd3 24. Rxd3 fxg4 25. Rxg4 Qb5 26. Rxd5 Nxd5 27. Qe1 Qc6 28. Qe4 Qb5 29. Qc4 Qxc4 30. Rxc4 a6 31. Re4 Rg6 32. c4 Nb6 33. Kc2 Na4 34. b3 h6 35. Bd2 Nc5 36. Rg4 h5 37. Rf4 Rg7 38. b4 Nd7 39. Bc3 Kc8 40. Kd3 c5 41. Ke4 Kd8 42. Kd3 Ke8 43. Re4 Rg3 44. Re3 Rh3 45. Be1 Rh2 46. f4 Ra2 47. Ke4 Rc2 48. Rc3 Re2+ 49. Re3 Rc2 50. Bc3 Rh2 51. Be1 Rc2 52. Kd3 Ra2 53. Ke4 1/2-1/2

[Event "MNT-chT 1st League"]
[Site "Podgorica"]
[Date "2018.09.29"]
[Round "5.4"]
[White "Petrusic, Goran"]
[Black "Obadovic, Zeljko"]
[Result "1/2-1/2"]
[WhiteElo "1946"]
[BlackElo "1772"]
[PlyCount "78"]
[EventDate "2018.09.07"]
[EventType "team-tourn"]
[EventRounds "9"]
[EventCountry "MNE"]
[SourceTitle "CBM 187 Extra"]
[Source "ChessBase"]
[SourceDate "2018.11.04"]
[SourceVersion "1"]
[SourceVersionDate "2018.11.04"]
[SourceQuality "1"]
[WhiteTeam "Dijagonale"]
[BlackTeam "Gambit"]
[WhiteTeamCountry "MNE"]
[BlackTeamCountry "MNE"]

1. c4 Nf6 2. Nc3 e6 3. Nf3 Bb4 4. g3 b6 5. Bg2 Bb7 6. 0-0 0-0 7. d3 h6 8. Bd2 Re8 9. a3 Be7 10. b4 d5 11. Ne5 c5 12. b5 Nfd7 13. f4 Bf6 14. Ng4 Nf8 15. Kh1 a5 16. Nxf6+ Qxf6 17. cxd5 Qd8 18. e4 exd5 19. exd5 Nbd7 20. Qf3 Nf6 21. Rae1 Qd7 22. a4 Rxe1 23. Rxe1 Rd8 24. f5 Nxd5 25. Nxd5 Bxd5 26. Qxd5 Qxd5 27. Bxd5 Rxd5 28. Re8 Rxd3 29. Bf4 f6 30. Rb8 Rd4 31. Bc7 Kf7 32. Bxb6 Rxa4 33. Bxc5 Nd7 34. Rb7 Ke8 35. Bd6 Ra1+ 36. Kg2 Rb1 37. g4 a4 38. Ra7 Rxb5 39. Rxa4 Rd5 1/2-1/2

[Event "MNT-chT 1st League"]
[Site "Podgorica"]
[Date "2018.09.09"]
[Round "3.3"]
[White "Pobor, Milo"]
[Black "Obadovic, Zeljko"]
[Result "1/2-1/2"]
[WhiteElo "1896"]
[BlackElo "1772"]
[PlyCount "51"]
[EventDate "2018.09.07"]
[EventType "team-tourn"]
[EventRounds "9"]
[EventCountry "MNE"]
[SourceTitle "CBM 187 Extra"]
[Source "ChessBase"]
[SourceDate "2018.11.04"]
[SourceVersion "1"]
[SourceVersionDate "2018.11.04"]
[SourceQuality "1"]
[WhiteTeam "Rumija"]
[BlackTeam "Gambit"]
[WhiteTeamCountry "MNE"]
[BlackTeamCountry "MNE"]

1. e4 e5 2. Nf3 Nc6 3. d4 exd4 4. Nxd4 Nf6 5. Nxc6 bxc6 6. e5 Nd5 7. c4 Nb6 8. Bd3 Bb4+ 9. Bd2 Bxd2+ 10. Qxd2 0-0 11. 0-0 d5 12. exd6 cxd6 13. Nc3 Be6 14. b3 d5 15. cxd5 Nxd5 16. Nxd5 Bxd5 17. Rfd1 Qh4 18. Qe3 Rfe8 19. Qg3 Qxg3 20. hxg3 Rad8 21. Rac1 Re6 22. Bc4 Red6 23. Bxd5 cxd5 24. Rd4 Kf8 25. Kf1 Ke8 26. Ke2 1/2-1/2